00313nam a2200121Ia 4500008004100000041000800041082001500049100001300064245003600077260004700113300002400160365000700184240624s9999 xx 000 0 und d aeng a332.17 GOR aGORDON E aBANKING THEORY LAW AND PRACTICE c2010aNew DelhibHimalaya Publishing House a535 : p. : cm. ; 24 cRS